Name All of Drake's Albums - Statistics

General Stats
  • This quiz has been taken 62 times
  • The average score is 11 of 14
Answer Stats
Year Album % Correct
2021 Certified Lover Boy
91%
2011 Take Care
89%
2016 Views
87%
2022 Her Loss
85%
2018 Scorpion
85%
2022 Honestly, Nevermind
81%
2015 IYRTITL
75%
2017 More Life
72%
2013 Nothing Was The Same
72%
2019 Care Package
70%
2020 Dark Lane Demo Tapes
70%
2010 Thank Me Later
68%
2009 So Far Gone
62%
2015 What A Time To Be Alive
60%
No matching quizzes found
Score Distribution
Percent of People with Each Score
Percentile by Number Answered
Your Score History
You have not taken this quiz